Les meusouges de la vie intérieure / (Record no. 57461)
[ view plain ]
| 000 -LEADER | |
|---|---|
| campo de control de longitud fija | 00450nam a2200157 i 4500 |
| 001 - NÚMERO DE CONTROL | |
| campo de control | 57461 |
| 003 - IDENTIFICADOR DE NÚMERO DE CONTROL | |
| campo de control | ES-MaACL |
| 005 - FECHA Y HORA DE LA ÚLTIMA TRANSACCIÓN | |
| campo de control | 20230906163600.0 |
| 007 - CAMPO FIJO DE DESCRIPCIÓN FÍSICA--INFORMACIÓN GENERAL | |
| campo de control de longitud fija | t| |
| 008 - DATOS DE LONGITUD FIJA--INFORMACIÓN GENERAL | |
| campo de control de longitud fija | 031016s1910 fr ||||1| fre d |
| 100 1# - ENTRADA PRINCIPAL--NOMBRE DE PERSONA | |
| Nombre de persona | Dromard, Gabriel. |
| 9 (RLIN) | 45656 |
| 245 14 - MENCIÓN DEL TÍTULO | |
| Título | Les meusouges de la vie intérieure / |
| Mención de responsabilidad, etc. | par Gabriel Dromard. |
| 260 ## - PUBLICACIÓN, DISTRIBUCIÓN, ETC. | |
| Lugar de publicación, distribución, etc. | Paris : |
| Nombre del editor, distribuidor, etc. | [s.n.], |
| Fecha de publicación, distribución, etc. | 1910 ( |
| Lugar de fabricación/manufactura | Evreux : |
| Fabricante | Ch. Herissey) |
| 300 ## - DESCRIPCIÓN FÍSICA | |
| Extensión | II, 181 p. ; |
| Dimensiones | 18 cm. |
| 852 ## - LOCALIZACIÓN | |
| Ubicación | ES-MaACL |
| Número de control de estantería | F-11871 |
| Estatus retirado | Estado de pérdida | Estado de daño | No para préstamo | Biblioteca de origen | Biblioteca actual | Ubicación en estantería | Fecha de adquisición | Fuente de adquisición | Total de préstamos | Signatura topográfica completa | Código de barras | Visto por última vez | Precio de reemplazo | Tipo de ítem Koha |
|---|---|---|---|---|---|---|---|---|---|---|---|---|---|---|
| Biblioteca del Ateneo de Madrid | Biblioteca del Ateneo de Madrid | Sala Pecera Planta 2 | 17/01/2008 | F-11871 | 1060324 | 23/02/2023 | 23/02/2023 | Libro impreso |
